| 000 | 02682nam a22003617a 4500 | ||
|---|---|---|---|
| 003 | CHAP | ||
| 005 | 20251127112631.0 | ||
| 008 | 971013s1987 r 00010 d | ||
| 010 | _a69309 | ||
| 011 | _a70281 | ||
| 035 | _a79762 | ||
| 040 | _cCHAP | ||
| 090 | _aTesis | ||
| 100 | 0 | 0 | _aLorenzo Rodríguez, Eliseo. |
| 245 | _aEstimación de funciones de producción para maíz de temporal en el municipio de Papalotla, Edo. de México | ||
| 260 |
_aChapingo, Méx. : _bEl autor, _c1987 |
||
| 300 | _a166 h. | ||
| 500 | _a33-212 | ||
| 502 | _aTesis (Ing. Agrónomo Esp. en Economía Agrícola) -- UACH. Departamento de Economía Agrícola | ||
| 520 | _aEl presente trabajo se encuentra enmarcado dentro de la problemática de la producción de granos básicos. En los últimos años, la producción de maíz ha sido incapaz de satisfacer la creciente demanda, debido a que forma parte de la dieta básica del mexicano. Esta situación hace necesario el estudio de los factores que inter vienen en su producción, tendiente a lograr una mayor oferta del -. producto. El presente estudio analiza el proceso productivo para la obtención de maíz de grano a través de la definición de funciones de producción en un área geográfica donde las condiciones naturales son homogéneas, lo cual permite externar recomendaciones tendientes a la mejora de dicho proceso para la obtención de mayores rendimientos. del cultivo. Para la obtención de los datos se utilizó un cuestionario el cual - se aplicó en la región de estudio para el ciclo agrícola primavera verano de 1986. En el análisis de los datos se recorrió al procedimiento de regresión por pasos (STEPWISE) así como el procedimiento general de modelos lineales (GLM), ambos contenidos en el paquete estadístico SAS (Sistema de Análisis Estadístico), versión 87.4 implementando en el Centro de Estadística y Cálculo del Colegio de Postgraduados, Chapingo. De esta forma, bajo dos modelos estadísticos diferentes, se analizaron los diversos factores que intervienen en la producción relacionados con el rendimiento; para poder generar recomendaciones que contribuyan a mejorar los niveles de producción. | ||
| 590 |
_aALEPH _b10 _c20130110 |
||
| 590 |
_aBATCH-UPD _b10 _c20130110 |
||
| 590 |
_aBATCH-UPD _b10 _c20130410 |
||
| 590 |
_aBATCH-UPD _b10 _c20130914 |
||
| 590 |
_aCONVERSION _b10 _c20130109 |
||
| 650 | 1 | 4 |
_aMaíz _xRendimiento. |
| 650 | 1 | 4 |
_aMaíz _zMéxico (Edo.). |
| 710 | 0 |
_aUACH. Departamento de Economía Agrícola. _9115862 |
|
| 856 | 4 | 2 |
_uhttp://10.13.5.2/tesis/79762.pdf _yDESCARGAR PDF |
| 901 | _aBK | ||
| 942 |
_cTESIS _2ddc |
||
| 949 |
_bBC _cTES _d-32651 _eTS1 _h21484 _i79762 _si |
||
| 999 |
_c69309 _d69309 |
||